Rudyard Kipling in Vermont : [birthplace of the Jungle books] /

Bibliographic Details
Main Author: Murray, Stuart, 1948-
Corporate Author: Books on Tape, Inc
Other Authors: Langton, Stuart
Format: Cassette Audio Book
Language:English
Published: Newport Beach, Calif. : Books on Tape, [1999]
Subjects:

MARC

Tag First Indicator Second Indicator Subfields
LEADER 00000cim a2200000la 4500
001 in00001640121
005 20151023063501.0
007 ss lunjlc---ue
008 990527s1999 cau n g b eng d
028 0 0 |a 4843  |b Books on Tape 
035 |a (OCoLC)ocm41439922 
040 |a TXN  |c TXN  |d TXA  |d UtOrBLW 
043 |a n-us-vt  |a e-uk--- 
049 |a TXAM 
090 |a PR4856  |b .M852 1999 
092 |a 820.9  |b K57M 
100 1 |a Murray, Stuart,  |d 1948- 
245 1 0 |a Rudyard Kipling in Vermont :  |b [birthplace of the Jungle books] /  |c by Stuart Murray. 
264 1 |a Newport Beach, Calif. :  |b Books on Tape,  |c [1999] 
264 4 |c ℗1999 
300 |a 4 sound cassettes (6 hrs.) :  |b analog, 1 7/8 ips. 
336 |a spoken word  |b spw  |2 rdacontent 
337 |a audio  |b s  |2 rdamedia 
338 |a audiocassette  |b ss  |2 rdacarrier 
511 0 |a Read by Stuart Langton. 
500 |a Unabridged. 
500 |a Subtitle from container. 
500 |a Sound recording. 
600 1 0 |a Kipling, Rudyard,  |d 1865-1936  |x Travel  |z Vermont. 
600 1 0 |a Kipling, Rudyard,  |d 1865-1936.  |t Jungle books. 
650 0 |a Authors, English  |y 19th century  |v Biography. 
650 0 |a British  |z Vermont  |v Biography. 
700 1 |a Langton, Stuart. 
710 2 |a Books on Tape, Inc. 
948 |a cataloged  |b h  |c 2001/8/23  |d c  |e dmitchel  |f 2:46:42 pm 
994 |a E0  |b TXA 
999 |a MARS 
999 f f |s ca99a2a6-abbd-3690-9d6b-7057859cda76  |i 68acfe19-93fd-3aab-8d40-7fede6cf32a5  |t 0 
952 f f |p ric  |a Texas A&M University  |b Rellis Campus  |c Joint Library Facility  |d Remote Storage  |t 0  |e PR4856 .M852 1999  |h Library of Congress classification  |i audio -- audiocassette  |m A14828071771 
998 f f |a PR4856 .M852 1999  |t 0  |l Remote Storage